000
00283nam a2200121Ia 4500
005
20251222144626.0
008
251222s9999||||xx |||||||||||||| ||spa||
082
_a
070/P19
100
_a
Palgunov, N.
245
0
_a
La Prensa y la Opinión Pública
264
_b
Cartago
942
_c
LIB
999
_c
16122
_d
16122